[Event "Ch Romania"]
[Site "Targu Mures (Romania)"]
[Date "2014.04.27"]
[Round "3"]
[White "Tufa, Mihai"]
[Black "Gilea, Lucian"]
[Result "0-1"]
[WhiteElo "1964"]
[BlackElo "2266"]
[PlyCount "122"]
[EventDate "2014.??.??"]

1. e4 c6 2. d4 d5 3. e5 c5 4. c3 Nc6 5. Nf3 Bg4 6. Be3 e6 7. Be2 Nge7 8. O-O
Nf5 9. Nbd2 cxd4 10. cxd4 Be7 11. h3 Bxf3 12. Nxf3 h5 13. Bd3 g5 14. g4 hxg4
15. hxg4 Nh4 16. Nxh4 Rxh4 17. f3 Qb6 18. Qb3 Qxb3 19. axb3 Kf8 20. Bb5 Nb4 21.
Bf2 Rh6 22. Kg2 a6 23. Be2 Bd8 24. Ra4 Nc6 25. b4 Ne7 26. b5 a5 27. b4 Ng6 28.
Be3 b6 29. Rb1 Rc8 30. Rc1 Rxc1 31. Bxc1 axb4 32. Rxb4 f6 33. exf6 Bxf6 34. Bd3
Nf4+ 35. Bxf4 gxf4 36. Ra4 Ke7 37. Ra7+ Kd6 38. Rh7 Rxh7 39. Bxh7 Bxd4 40. Kf1
Kc5 41. Bd3 Bf6 42. Ke2 Kd4 43. Bg6 e5 44. Be8 e4 45. Bc6 Be7 46. Bb7 e3 47.
Bc8 Kc4 48. Be6 Kxb5 49. Bxd5 Kc5 50. Bf7 Kd4 51. Be8 Bf6 52. Bd7 Kc4 53. Be6+
Kc5 54. Kd3 b5 55. Bb3 Kb4 56. Bd1 Bg5 57. Kc2 Ka3 58. Be2 b4 59. Bc4 b3+ 60.
Kd3 Bf6 61. Ke2 b2 0-1

[Event "Ch Romania"]
[Site "Targu Mures (Romania)"]
[Date "2014.04.28"]
[Round "4"]
[White "Gilea, Lucian"]
[Black "Banzea, Alexandru Bogdan"]
[Result "1-0"]
[WhiteElo "2266"]
[BlackElo "1989"]
[PlyCount "121"]
[EventDate "2014.??.??"]

1. d4 Nf6 2. c4 g6 3. Nc3 Bg7 4. Bf4 d6 5. Nf3 O-O 6. h3 Nbd7 7. e3 b6 8. Be2
Bb7 9. O-O Re8 10. Rc1 e5 11. Bh2 exd4 12. Nxd4 Nc5 13. b4 Ne6 14. Nxe6 Rxe6
15. Bf3 Bxf3 16. Qxf3 a5 17. a3 axb4 18. axb4 Nd7 19. Nb5 Re8 20. Qc6 Rc8 21.
Rfd1 Be5 22. f4 Bg7 23. e4 Qe7 24. Re1 Nf8 25. Nc3 Qd7 26. Qxd7 Nxd7 27. Bg3 f5
28. exf5 Rxe1+ 29. Bxe1 gxf5 30. Nd5 Kf7 31. Bf2 Nf6 32. Rc2 Ne4 33. Ra2 Nxf2
34. Kxf2 b5 35. cxb5 Bd4+ 36. Kf3 Ke6 37. Ne3 Rb8 38. Nc2 Bb6 39. g4 Kf6 40.
Ra3 Re8 41. Ne3 Bxe3 42. Rxe3 Rb8 43. g5+ Kf7 44. Rc3 Rb7 45. b6 cxb6 46. h4 b5
47. h5 Ke6 48. h6 Ra7 49. Re3+ Kf7 50. Rd3 Ke6 51. Rc3 Kd7 52. Kg3 Ra1 53. Rc2
Re1 54. Ra2 Re3+ 55. Kg2 d5 56. Ra7+ Kc6 57. Rxh7 d4 58. Ra7 d3 59. h7 Re8 60.
g6 d2 61. Ra1 1-0

[Event "FISCA 2014"]
[Site "Cap Aurora, Romania"]
[Date "2014.06.24"]
[Round "4.4"]
[White "Gilea, Lucian"]
[Black "Georgescu, Tiberiu-Marian"]
[Result "0-1"]
[WhiteElo "2278"]
[BlackElo "2493"]
[PlyCount "94"]
[EventDate "2014.??.??"]

1. d4 Nf6 2. Bg5 e6 3. Nf3 h6 4. Bh4 c5 5. c3 b6 6. Nbd2 Bb7 7. e3 Be7 8. Bd3
Nc6 9. a3 O-O 10. O-O Nd5 11. Bg3 cxd4 12. e4 Nf6 13. cxd4 Nh5 14. d5 Nxg3 15.
dxc6 dxc6 16. hxg3 Qxd3 17. Ne5 Qd4 18. Ndf3 Qxd1 19. Raxd1 Rfd8 20. Nc4 c5 21.
e5 Ba6 22. Rc1 Rd3 23. Rfe1 Rad8 24. Rc2 Bb7 25. Ne3 R8d7 26. Ree2 Ba6 27. Re1
Kf8 28. Ree2 Ke8 29. Red2 Kd8 30. Rxd3 Bxd3 31. Rd2 Kc7 32. Ne1 Ba6 33. Rxd7+
Kxd7 34. f4 Kc6 35. Kf2 c4 36. Nd1 Bc5+ 37. Kf3 Bd4 38. Nc3 Bb7 39. Nc2 Kc5+
40. Ke2 Bxc3 41. bxc3 Bxg2 42. Nd4 a5 43. Ke3 Bc6 44. g4 Kd5 45. f5 Bd7 46. Kf4
g5+ 47. fxg6 fxg6 0-1

[Event "FISCA 2014"]
[Site "Cap Aurora, Romania"]
[Date "2014.06.26"]
[Round "7.5"]
[White "Sandu, Mihaela"]
[Black "Gilea, Lucian"]
[Result "1-0"]
[WhiteElo "2308"]
[BlackElo "2278"]
[PlyCount "61"]
[EventDate "2014.??.??"]

1. e4 c6 2. c4 d5 3. exd5 cxd5 4. cxd5 Nf6 5. Nc3 Nxd5 6. Nf3 Nc6 7. Bc4 e6 8.
O-O Nb6 9. Bb3 Nd4 10. Nxd4 Qxd4 11. d3 Bd7 12. Be3 Qh4 13. a4 Bc6 14. Nb5 Qd8
15. Qg4 a6 16. Nd4 Bd5 17. a5 Bxb3 18. Nxb3 Nd5 19. Nc5 Qc7 20. Rac1 Qxa5 21.
Nxe6 fxe6 22. Qxe6+ Ne7 23. Bc5 Qd8 24. Rfe1 a5 25. Qe5 Ra6 26. Bxe7 Bxe7 27.
Qxg7 Kd7 28. Qg4+ Ke8 29. Rc8 Rd6 30. Rxd8+ Kxd8 31. Rxe7 1-0

[Event "FISCA 2014"]
[Site "Cap Aurora, Romania"]
[Date "2014.06.28"]
[Round "9.7"]
[White "David, Alexandru-Vasile"]
[Black "Gilea, Lucian"]
[Result "1/2-1/2"]
[WhiteElo "2385"]
[BlackElo "2277"]
[PlyCount "125"]
[EventDate "2014.??.??"]

1. d4 d6 2. e4 Nf6 3. f3 e5 4. d5 c6 5. c4 Qb6 6. Nc3 h5 7. Bd3 g6 8. Bg5 Qxb2
9. Nge2 Nbd7 10. Na4 Qb4+ 11. Bd2 Qa3 12. Bc1 Qb4+ 13. Bd2 Qa3 14. Bc2 Nb6 15.
Rb1 Bh6 16. Bb4 Qe3 17. Nxb6 axb6 18. Bxd6 Bg7 19. Rb3 Qg5 20. O-O Nd7 21. f4
exf4 22. Nxf4 Ne5 23. dxc6 bxc6 24. Rxb6 Bg4 25. Qb1 Nxc4 26. Rb8+ Rxb8 27.
Qxb8+ Qd8 28. Qxd8+ Kxd8 29. Bc5 g5 30. Nh3 f6 31. Nf2 Be6 32. Bb3 Re8 33. Rd1+
Kc7 34. Rd4 Ne5 35. Bxe6 Rxe6 36. a4 Nd7 37. Bb4 c5 38. Rc4 Kb6 39. Bd2 Ne5 40.
Rc2 c4 41. Nd1 Bf8 42. Nb2 Bc5+ 43. Kf1 Rd6 44. Bc3 Bd4 45. Bb4 Rc6 46. Ke2
Bxb2 47. Rxb2 Nd3 48. Rb1 Nxb4 49. Rxb4+ Kc5 50. Rb5+ Kd4 51. h4 Kxe4 52. hxg5
f5 53. Rb4 Kd4 54. Rb5 Ke4 55. Rb4 f4 56. g6 Kd4 57. g7 Rg6 58. Rb7 Rxg2+ 59.
Kf3 Rg4 60. a5 c3 61. a6 c2 62. Rc7 Rxg7 63. Rxc2 1/2-1/2

[Event "OPEN IASI 2014"]
[Site "Iasi"]
[Date "2014.05.10"]
[Round "1.54"]
[White "Vacar, Gligore"]
[Black "Gilea, Lucian"]
[Result "0-1"]
[WhiteElo "1715"]
[BlackElo "2266"]
[PlyCount "64"]
[EventDate "2014.??.??"]

1. e4 c5 2. Nf3 e6 3. d4 cxd4 4. Nxd4 a6 5. a3 Qc7 6. c3 Nf6 7. Bd3 b5 8. Nd2
Bb7 9. N4f3 Nc6 10. O-O Ng4 11. Nb3 Bd6 12. g3 h5 13. Nbd4 h4 14. Ng5 Nf6 15.
f4 Bc5 16. Be2 Nxd4 17. cxd4 Nxe4 18. Nxe4 Bxe4 19. Bf3 Bxf3 20. Qxf3 Bxd4+ 21.
Be3 Bxe3+ 22. Qxe3 Qa7 23. Qxa7 Rxa7 24. g4 Rc7 25. Rf2 Ke7 26. h3 Rhc8 27. Kg2
Rc1 28. Rxc1 Rxc1 29. Kf3 Rg1 30. Rh2 Rg3+ 31. Ke4 d5+ 32. Kd4 Kd6 0-1

[Event "OPEN IASI 2014"]
[Site "Iasi Romanaia"]
[Date "2014.05.11"]
[Round "2.1"]
[White "Gilea, Lucian"]
[Black "Lysyj, Igor"]
[Result "0-1"]
[WhiteElo "2266"]
[BlackElo "2661"]
[PlyCount "98"]
[EventDate "2014.??.??"]

1. d4 Nf6 2. c4 e6 3. Nf3 b6 4. Nc3 Bb7 5. Bg5 Be7 6. e3 h6 7. Bh4 O-O 8. Bd3
c5 9. O-O cxd4 10. exd4 d5 11. Bxf6 Bxf6 12. cxd5 exd5 13. Qb3 Na6 14. Nb5 Nb8
15. Nc3 Na6 16. Nb5 Nc7 17. Nxc7 Qxc7 18. Rac1 Qd6 19. Rfe1 a6 20. Bb1 Rac8 21.
Qd3 g6 22. Rxc8 Rxc8 23. a3 Bg7 24. Qd2 Bc6 25. Ne5 Bb5 26. Qf4 Qf6 27. Qg4 Re8
28. Rc1 h5 29. Qd1 Qd6 30. a4 Bd7 31. Nxd7 Qxd7 32. h3 Qd6 33. Qd2 Kh7 34. Rd1
h4 35. Qg5 Bf6 36. Qg4 Qb4 37. Kh2 Qxb2 38. f4 Kg7 39. f5 g5 40. Bd3 Re3 41.
Bxa6 Re4 42. Qf3 Rxd4 43. Rxd4 Qxd4 44. Bb5 Be5+ 45. Kh1 Kf6 46. Qf1 Qc3 47.
Bd3 Bd6 48. Kg1 Qd4+ 49. Kh1 Qxa4 0-1

[Event "OPEN IASI 2014"]
[Site "OPEN IASI 2014"]
[Date "2014.05.12"]
[Round "3.33"]
[White "Gitu, Paula-Alexandra"]
[Black "Gilea, Lucian"]
[Result "0-1"]
[WhiteElo "1947"]
[BlackElo "2266"]
[PlyCount "78"]
[EventDate "2014.??.??"]

1. e4 c5 2. Nf3 a6 3. c3 d6 4. d4 Nd7 5. g3 Qc7 6. Bg2 Ngf6 7. Qe2 cxd4 8. Nxd4
g6 9. O-O Bg7 10. Be3 O-O 11. Nd2 Nc5 12. b4 Na4 13. Rac1 Ng4 14. Qc4 Qd8 15.
Qb3 Nxe3 16. fxe3 Nb6 17. c4 Nd7 18. N2f3 a5 19. a3 Qb6 20. Rc2 axb4 21. axb4
Bh6 22. Re1 Nf6 23. e5 Ng4 24. exd6 exd6 25. h3 Bxe3+ 26. Rxe3 Ra1+ 27. Re1
Rxe1+ 28. Nxe1 Qxd4+ 29. Kh1 Ne3 30. Re2 Nxg2 31. Kxg2 Be6 32. Nf3 Qxc4 33.
Qxc4 Bxc4 34. Re7 Ra8 35. Nd4 Ra4 36. Rd7 Bd5+ 37. Kf2 Rxb4 38. Ne2 Rb6 39. Nc3
Be6 0-1

[Event "OPEN IASI 2014"]
[Site "OPEN IASI 2014"]
[Date "2014.05.13"]
[Round "4.37"]
[White "Gilea, Lucian"]
[Black "Panush, Viktor"]
[Result "1/2-1/2"]
[WhiteElo "2266"]
[BlackElo "1981"]
[PlyCount "92"]
[EventDate "2014.??.??"]

1. d4 Nf6 2. c4 e6 3. Nf3 Bb4+ 4. Nbd2 b6 5. a3 Bxd2+ 6. Bxd2 Bb7 7. Bg5 d6 8.
Qc2 Nbd7 9. e3 h6 10. Bh4 Qe7 11. Be2 g5 12. Bg3 Ne4 13. Bd3 Ndf6 14. O-O-O
O-O-O 15. Ne1 Kb8 16. f3 Nxg3 17. hxg3 c5 18. Kb1 Qc7 19. Qc3 cxd4 20. Qxd4 e5
21. Qc3 d5 22. Rc1 d4 23. exd4 exd4 24. Qb4 Nd7 25. Qe7 Qxg3 26. Rxh6 Rhe8 27.
Qd6+ Qxd6 28. Rxd6 Nc5 29. Rxd8+ Rxd8 30. Bf5 Re8 31. Nd3 Re3 32. Nb4 Re2 33.
Rc2 Re5 34. Bh7 f5 35. Rd2 a5 36. Nd3 Nxd3 37. Rxd3 g4 38. Kc2 Re2+ 39. Rd2
gxf3 40. gxf3 Bxf3 41. Bxf5 Kc7 42. Kd3 Rxd2+ 43. Kxd2 Kd6 44. b4 axb4 45. axb4
Ke5 46. Bd3 Bg2 1/2-1/2

[Event "OPEN IASI 2014"]
[Site "OPEN IASI 2014"]
[Date "2014.05.14"]
[Round "5.36"]
[White "Sava, Gabriela-Liliana"]
[Black "Gilea, Lucian"]
[Result "1/2-1/2"]
[WhiteElo "1887"]
[BlackElo "2266"]
[PlyCount "103"]
[EventDate "2014.??.??"]

1. e4 c6 2. d4 d5 3. Nd2 g6 4. Ngf3 Bg4 5. c3 Bg7 6. h3 Bxf3 7. Qxf3 dxe4 8.
Nxe4 Qd5 9. b3 Nf6 10. Nxf6+ Bxf6 11. Qxd5 cxd5 12. Bb5+ Nc6 13. Bf4 O-O 14.
Bxc6 bxc6 15. Be5 Bxe5 16. dxe5 a5 17. a4 Rab8 18. Rb1 Rb6 19. Kd2 c5 20. Kc2
Rfb8 21. Rhd1 e6 22. f4 f6 23. g4 g5 24. exf6 gxf4 25. g5 c4 26. Rd4 Rxb3 27.
Rxb3 cxb3+ 28. Kb2 f3 29. Rf4 Rc8 30. Rxf3 Rc4 31. Kxb3 Kf7 32. Rg3 Rh4 33. c4
Rxc4 34. Rc3 Rb4+ 35. Kc2 Rb7 36. Rc8 e5 37. Rh8 Kg6 38. Rg8+ Kh5 39. Rg7 Rb4
40. Re7 Kxg5 41. f7 Rf4 42. Rxe5+ Kh4 43. Rxd5 Rxf7 44. Rxa5 Kxh3 45. Ra8 h5
46. Rh8 h4 47. Kb3 Kg3 48. a5 h3 49. Rg8+ Kf3 50. Rh8 Kg3 51. Rg8+ Kf2 52. Rh8
1/2-1/2

[Event "Campionatul National pe Echipe - Divizi"]
[Site "Olanesti - Hotel PARANG"]
[Date "2013.10.14"]
[Round "3.4"]
[White "Gilea, Lucian"]
[Black "Acsinte, Matei-Ionut"]
[Result "1/2-1/2"]
[WhiteElo "2262"]
[BlackElo "2065"]
[PlyCount "61"]
[EventDate "2013.10.12"]
[EventType "team"]
[EventRounds "9"]
[WhiteTeam "Sah Club Galati"]
[BlackTeam "Conpet Ploiesti"]

1. d4 d5 2. c4 c6 3. Nc3 Nf6 4. Nf3 e6 5. Bg5 dxc4 6. a4 Bb4 7. Ne5 b5 8. g3
Bb7 9. Bg2 Qb6 10. O-O Nd5 11. e4 Nxc3 12. bxc3 Bd6 13. Nf3 Nd7 14. e5 Be7 15.
Bxe7 Kxe7 16. a5 Qc7 17. Ng5 Rad8 18. Qh5 g6 19. Qh4 h6 20. Ne4+ g5 21. Qh5
Rdf8 22. f4 gxf4 23. Qh4+ f6 24. Rxf4 c5 25. Nxf6 Nxf6 26. Rxf6 Kd7 27. Raf1
Rxf6 28. Rxf6 Kc8 29. Qh3 Bxg2 30. Qxg2 Qb7 31. Qf2 1/2-1/2

[Event "Campionatul National pe Echipe - Divizi"]
[Site "Olanesti - Hotel PARANG"]
[Date "2013.10.16"]
[Round "5.4"]
[White "Gilea, Lucian"]
[Black "Stroescu, Gheorghe"]
[Result "1-0"]
[WhiteElo "2262"]
[BlackElo "2143"]
[PlyCount "73"]
[EventDate "2013.10.12"]
[EventType "team"]
[EventRounds "9"]
[WhiteTeam "Sah Club Galati"]
[BlackTeam "CS Universitatea Targoviste"]

1. d4 Nf6 2. Nf3 g6 3. Bf4 Bg7 4. e3 c5 5. c3 b6 6. Nbd2 O-O 7. Qb3 Nc6 8. e4
Na5 9. Qd1 Bb7 10. d5 d6 11. Bg5 Bc8 12. Bd3 h6 13. Bh4 Nh5 14. Bg3 Bg4 15. h3
Nxg3 16. fxg3 Bd7 17. Qe2 e6 18. O-O exd5 19. exd5 Qc7 20. g4 Rae8 21. Qf2 b5
22. a3 Qb7 23. Rfe1 c4 24. Be4 f5 25. gxf5 gxf5 26. Bc2 Qxd5 27. Qxa7 Qc5+ 28.
Qxc5 dxc5 29. Nh4 f4 30. Bg6 Re3 31. Nf1 Nb3 32. Nxe3 fxe3 33. Rad1 Bc8 34.
Rxe3 b4 35. Rf3 Bf6 36. Nf5 Bb7 37. Rd7 1-0

[Event "Campionatul National pe Echipe - Divizi"]
[Site "Olanesti - Hotel PARANG"]
[Date "2013.10.17"]
[Round "6.4"]
[White "Mongescu, Victor"]
[Black "Gilea, Lucian"]
[Result "1/2-1/2"]
[WhiteElo "1736"]
[BlackElo "2262"]
[PlyCount "35"]
[EventDate "2013.10.12"]
[EventType "team"]
[EventRounds "9"]
[WhiteTeam "Sah Club Ramnicu Valcea"]
[BlackTeam "Sah Club Galati"]

1. e4 c5 2. Nf3 e6 3. d4 cxd4 4. Nxd4 a6 5. Nc3 Qc7 6. Bd3 Nf6 7. Be3 Bb4 8.
Bd2 Nc6 9. Nf3 Bc5 10. O-O Ng4 11. h3 h5 12. Ne2 Nd4 13. Nexd4 Bxd4 14. c3 Ba7
15. Qe2 Bb8 16. Rfe1 Ba7 17. Rf1 Bb8 18. Rfe1 1/2-1/2

[Event "Campionatul National pe Echipe - Divizi"]
[Site "Olanesti - Hotel PARANG"]
[Date "2013.10.19"]
[Round "8.4"]
[White "Gilea, Lucian"]
[Black "Zubac, Marius"]
[Result "1/2-1/2"]
[WhiteElo "2262"]
[BlackElo "2168"]
[PlyCount "50"]
[EventDate "2013.10.12"]
[EventType "team"]
[EventRounds "9"]
[WhiteTeam "Sah Club Galati"]
[BlackTeam "CSM Cluj Napoca"]

1. d4 g6 2. c4 Bg7 3. e4 d6 4. Nc3 e5 5. dxe5 dxe5 6. Qxd8+ Kxd8 7. Bg5+ f6 8.
O-O-O+ Bd7 9. Be3 Kc8 10. a3 f5 11. exf5 gxf5 12. Nf3 Nc6 13. g3 Nf6 14. b4 Ng4
15. b5 Na5 16. Nd5 Re8 17. h3 Nxe3 18. Nxe3 c6 19. g4 f4 20. Nf5 e4 21. Ng5
Nb3+ 22. Kb1 Nd4 23. h4 Kc7 24. Bh3 Rad8 25. Ne6+ Nxe6 1/2-1/2

[Event "Arad Open 2013"]
[Site "Arad ROU"]
[Date "2013.08.05"]
[Round "4.20"]
[White "Palamar, Cristian"]
[Black "Gilea, Lucian"]
[Result "1-0"]
[WhiteElo "2111"]
[BlackElo "2296"]
[PlyCount "113"]
[EventDate "2013.08.03"]

1. e4 c6 2. d4 d5 3. Nc3 dxe4 4. Nxe4 Bf5 5. Ng3 Bg6 6. Nf3 Nd7 7. h4 h6 8. h5
Bh7 9. Bd3 Bxd3 10. Qxd3 e6 11. Bf4 Qa5+ 12. Bd2 Qc7 13. O-O-O Ngf6 14. Ne4
Nxe4 15. Qxe4 Nf6 16. Qe2 O-O-O 17. g3 Bd6 18. c4 c5 19. Bc3 Kb8 20. Kb1 Ka8
21. Ne5 cxd4 22. Bxd4 Bxe5 23. Bxe5 Qc6 24. Rh4 Rxd1+ 25. Qxd1 Qc5 26. Qd4 Qa5
27. Qc3 Qc5 28. Bd4 Qf5+ 29. Qc2 Qa5 30. Qc3 Qf5+ 31. Qc2 Qf3 32. Bxf6 gxf6 33.
a3 e5 34. Qd2 a6 35. Ka2 f5 36. c5 Rc8 37. Rc4 Qc6 38. Rc3 Kb8 39. b4 Qe6+ 40.
Kb2 Qf6 41. Re3 f4 42. gxf4 Qxf4 43. Qd6+ Ka8 44. Rxe5 Qxf2+ 45. Kb3 Qf1 46.
Re7 Qf3+ 47. Ka4 Qxh5 48. Qd7 Rb8 49. Rxf7 Qe2 50. Ka5 h5 51. Rh7 Qf3 52. a4
Rf8 53. Rh6 Rb8 54. c6 Ka7 55. cxb7 Qe2 56. Qd4+ Kxb7 57. Rh7+ 1-0

[Event "FISCA Open D 2013"]
[Site "Cap Aurora ROU"]
[Date "2013.06.23"]
[Round "2.8"]
[White "Vasile , Teodora"]
[Black "Gilea, Lucian"]
[Result "0-1"]
[WhiteElo "1938"]
[BlackElo "2292"]
[PlyCount "94"]
[EventDate "2013.06.22"]

1. e4 c6 2. d4 d5 3. Nd2 g6 4. Ngf3 Bg4 5. Be2 Bg7 6. c3 h5 7. Qb3 Qb6 8. Qxb6
axb6 9. exd5 cxd5 10. h3 Bf5 11. Nf1 Nf6 12. Bf4 Nc6 13. Ne3 Be4 14. Ne5 h4 15.
Nd3 Nh5 16. Bc7 Bh6 17. Rg1 Bxe3 18. fxe3 Na5 19. Nc1 Nc4 20. Bxc4 dxc4 21.
Bxb6 Kd7 22. Ne2 Nf6 23. Kd2 Rh5 24. Bc5 Rf5 25. Ba3 Rf2 26. Ke1 Rxg2 27. Rxg2
Bxg2 28. Nf4 Be4 29. Kf2 g5 30. Ne2 Nd5 31. Bb4 Ra6 32. Rg1 Rf6+ 33. Ke1 Rf5
34. b3 b5 35. bxc4 bxc4 36. Kd2 f6 37. a4 Rf3 38. a5 Rxe3 39. a6 Rd3+ 40. Ke1
Rxh3 41. a7 Nxb4 42. cxb4 Ra3 43. Kf2 h3 44. Ng3 Rf3+ 45. Ke2 Rxg3 46. d5 Bxd5
47. Ra1 h2 0-1

[Event "FISCA Open D 2013"]
[Site "Cap Aurora ROU"]
[Date "2013.06.24"]
[Round "3.7"]
[White "Gilea, Lucian"]
[Black "Mocanu, Victor Valentin"]
[Result "1-0"]
[WhiteElo "2292"]
[BlackElo "1929"]
[PlyCount "129"]
[EventDate "2013.06.22"]

1. d4 Nf6 2. c4 e6 3. Nf3 c5 4. d5 exd5 5. cxd5 d6 6. Nc3 g6 7. h3 Bg7 8. e4
O-O 9. Bd3 Na6 10. O-O Nc7 11. Re1 Rb8 12. a4 b6 13. Bf4 a6 14. Rc1 b5 15. axb5
axb5 16. e5 Nfxd5 17. Bg5 Qd7 18. Nxd5 Nxd5 19. Be4 Nb6 20. exd6 Nc4 21. b4
cxb4 22. Be7 Rb6 23. Bd5 Nxd6 24. Bxf8 Kxf8 25. Ne5 Bxe5 26. Rxe5 Nf5 27. Qb3
Bb7 28. Qxb4+ Kg7 29. Qc5 Qd6 30. Bxb7 Qxc5 31. Rcxc5 Rxb7 32. Rxb5 Ra7 33. Ra5
Rb7 34. g3 Nd4 35. Red5 Ne6 36. Kg2 h6 37. Ra4 Kf6 38. Rda5 Rb2 39. Ra7 Rd2 40.
Ra3 Kg7 41. Re3 Rd6 42. Rc3 Nd8 43. Rcc7 Rf6 44. Ra8 Rd6 45. Rb8 Rd3 46. Rb6 h5
47. Ra7 Kg8 48. Kf1 Ne6 49. Ke2 Rd5 50. Rbb7 Re5+ 51. Kf3 Rf5+ 52. Kg2 Kg7 53.
Rd7 Nc5 54. Rd4 Ne6 55. Rd3 Rc5 56. Rf3 Nd8 57. Rd7 Rc8 58. g4 hxg4 59. hxg4
Kf8 60. Ra3 Nc6 61. Rc3 Ke8 62. Rb7 f5 63. Rh3 Ne7 64. Rh8+ Kf7 65. Rxe7+ 1-0

[Event "FISCA Open D 2013"]
[Site "Cap Aurora ROU"]
[Date "2013.06.25"]
[Round "4.2"]
[White "Gilea, Lucian"]
[Black "Carmaciu, Catalin Lucian"]
[Result "1/2-1/2"]
[WhiteElo "2292"]
[BlackElo "2416"]
[PlyCount "22"]
[EventDate "2013.06.22"]

1. d4 Nf6 2. c4 e6 3. Nf3 c5 4. d5 d6 5. Nc3 exd5 6. cxd5 g6 7. h3 a6 8. a4 Bg7
9. e4 Nbd7 10. Bd3 O-O 11. O-O Nh5 1/2-1/2

[Event "FISCA Open D 2013"]
[Site "Cap Aurora ROU"]
[Date "2013.06.27"]
[Round "6.4"]
[White "Sanduleac, Vasile"]
[Black "Gilea, Lucian"]
[Result "1-0"]
[WhiteElo "2414"]
[BlackElo "2292"]
[PlyCount "53"]
[EventDate "2013.06.22"]

1. e4 e6 2. d4 d5 3. Nd2 c5 4. exd5 Qxd5 5. Ngf3 cxd4 6. Bc4 Qd8 7. O-O a6 8.
Nb3 Nc6 9. Nbxd4 Nxd4 10. Nxd4 Nf6 11. c3 Bc5 12. Be3 Qc7 13. Bb3 e5 14. Nc2
O-O 15. Bxc5 Qxc5 16. Ne3 Bd7 17. Qf3 Bc6 18. Qh3 Bd5 19. Nxd5 Nxd5 20. Qf3 Nf4
21. Qxb7 Rab8 22. Qf3 Rb6 23. Rad1 h5 24. Kh1 Rg6 25. g3 Nh3 26. Qf5 Nxf2+ 27.
Qxf2 1-0

[Event "FISCA Open D 2013"]
[Site "Cap Aurora ROU"]
[Date "2013.06.27"]
[Round "7.7"]
[White "Gilea, Lucian"]
[Black "Pisu, Robert Daniel"]
[Result "1-0"]
[WhiteElo "2292"]
[BlackElo "2081"]
[PlyCount "72"]
[EventDate "2013.06.22"]

1. e4 c5 2. Nf3 d6 3. c3 Nf6 4. Be2 g6 5. O-O Bg7 6. Re1 O-O 7. Bf1 Bg4 8. h3
Bxf3 9. Qxf3 Nc6 10. d3 a6 11. Be3 Nd7 12. Qd1 e5 13. f4 exf4 14. Bxf4 Nde5 15.
Be3 Qb6 16. Qb3 Qxb3 17. axb3 Nd7 18. Nd2 Rad8 19. Nc4 Nde5 20. Nxd6 Rxd6 21.
Bxc5 Rxd3 22. Bxf8 Bxf8 23. Bxd3 Nxd3 24. Re2 Bc5+ 25. Kh2 Nce5 26. g3 Nc6 27.
Rd1 Nde5 28. Rd5 Be7 29. b4 b6 30. Kg2 Kf8 31. Re1 Bd8 32. Ra1 Nc4 33. Kh2 Nxb2
34. Rxa6 Ke7 35. b5 Nb8 36. Ra8 Ke8 1-0

[Event "Campionatul National individual  de sen"]
[Site "Olanesti"]
[Date "2013.02.16"]
[Round "1.27"]
[White "Gilea, Lucian"]
[Black "Salagean , Gheorghe"]
[Result "1-0"]
[WhiteElo "2245"]
[BlackElo "1861"]
[PlyCount "71"]
[EventDate "2013.02.16"]
[EventRounds "9"]

1. d4 Nf6 2. c4 e6 3. a3 d5 4. Nc3 Nc6 5. Nf3 Be7 6. Bf4 O-O 7. h3 Re8 8. c5 a6
9. e3 Ne4 10. Nxe4 dxe4 11. Nd2 f5 12. b4 Bf6 13. Bc4 Ne7 14. g4 Bh4 15. gxf5
Nxf5 16. Nxe4 g5 17. Nxg5 h6 18. Qg4 hxg5 19. Qxf5 Kg7 20. Be5+ Kh6 21. Qf7 Rg8
22. Bd3 Bxf2+ 23. Kxf2 Qf8 24. Qxf8+ Rxf8+ 25. Kg3 Bd7 26. Bxc7 Bc6 27. Rhf1
Rac8 28. Bd6 Rxf1 29. Rxf1 Bb5 30. Rf6+ Kg7 31. Rg6+ Kf7 32. Bb1 b6 33. Be5
bxc5 34. Rg7+ Kf8 35. Ra7 cxd4 36. Bd6+ 1-0

[Event "Campionatul National individual  de sen"]
[Site "Olanesti"]
[Date "2013.02.17"]
[Round "2.23"]
[White "Gheorghiu, Calin"]
[Black "Gilea, Lucian"]
[Result "0-1"]
[WhiteElo "2029"]
[BlackElo "2245"]
[PlyCount "44"]
[EventDate "2013.02.16"]
[EventRounds "9"]

1. e4 c6 2. Nc3 d5 3. Nf3 Bg4 4. h3 Bh5 5. exd5 cxd5 6. Bb5+ Nc6 7. g4 Bg6 8.
Ne5 Qd6 9. d4 f6 10. Nxg6 hxg6 11. Qd3 O-O-O 12. Bxc6 Qxc6 13. Qxg6 e5 14. dxe5
d4 15. Qf5+ Kb8 16. Ne4 Qxc2 17. Bf4 Bb4+ 18. Kf1 fxe5 19. a3 exf4 20. axb4 Ne7
21. Qxf4+ Ka8 22. Kg2 Ng6 0-1

[Event "Campionatul National individual  de sen"]
[Site "Olanesti"]
[Date "2013.02.18"]
[Round "3.6"]
[White "Gilea, Lucian"]
[Black "Stanciu, Alexandru Ovidiu"]
[Result "1-0"]
[WhiteElo "2245"]
[BlackElo "2383"]
[PlyCount "113"]
[EventDate "2013.02.16"]
[EventRounds "9"]

1. d4 Nf6 2. c4 g6 3. Nc3 Bg7 4. e4 d6 5. Nge2 a6 6. Ng3 O-O 7. Be2 c5 8. d5 h5
9. h4 Nbd7 10. Bg5 Ne5 11. Qd2 Bg4 12. Bxf6 exf6 13. Bxg4 Nxg4 14. f4 f5 15.
O-O-O b5 16. Rde1 Qa5 17. exf5 b4 18. Nd1 Qxa2 19. Qc2 b3 20. Qb1 Rae8 21. Ne4
Qa5 22. fxg6 f5 23. Nec3 Qd8 24. Re6 Rxe6 25. dxe6 Qf6 26. Re1 Qd4 27. g3 Ne5
28. Rxe5 dxe5 29. e7 e4 30. exf8=Q+ Kxf8 31. Ne2 Qxc4+ 32. Kd2 Bd4 33. Ndc3 Kg7
34. Nxd4 cxd4 35. Nxe4 Qb4+ 36. Kd1 fxe4 37. Qxe4 Qb5 38. Qxd4+ Kxg6 39. Qe4+
Kf6 40. Kd2 Qc5 41. Qd3 Qb6 42. Kc3 Qb7 43. Qe2 Qc6+ 44. Kxb3 Qb6+ 45. Ka2 Qa5+
46. Kb1 Qf5+ 47. Qc2 Qd5 48. Qc3+ Kg6 49. Kc2 Qg2+ 50. Kb3 Qd5+ 51. Qc4 Qf3+
52. Ka4 Qd1+ 53. Ka3 Kf5 54. Qc8+ Ke4 55. Qe8+ Kf5 56. Qc8+ Ke4 57. Qe6+ 1-0

[Event "Campionatul National individual  de sen"]
[Site "Olanesti"]
[Date "2013.02.18"]
[Round "4.2"]
[White "Grecescu, Gabriel Andrei"]
[Black "Gilea, Lucian"]
[Result "0-1"]
[WhiteElo "2391"]
[BlackElo "2245"]
[PlyCount "126"]
[EventDate "2013.02.16"]
[EventRounds "9"]

1. e4 c5 2. Ne2 e6 3. c4 Nc6 4. Nbc3 a6 5. g3 Ne5 6. Nf4 Nf6 7. d3 h5 8. h3 Be7
9. Bg2 b5 10. O-O b4 11. Na4 Bb7 12. Ne2 d6 13. b3 Nc6 14. Be3 e5 15. f4 Nd7
16. Qe1 Qc7 17. Qf2 Nd8 18. Kh1 Rc8 19. Ng1 Bf6 20. Rae1 Ne6 21. h4 Bc6 22. Nb2
Qd8 23. Nf3 exf4 24. gxf4 Bc3 25. Re2 Nf6 26. Qg3 Ng4 27. Bc1 Nd4 28. Nxd4 Bxd4
29. Nd1 Bf6 30. Ne3 Bxh4 31. Qf3 Bd7 32. Bh3 Be6 33. Kg1 Bf6 34. Bxg4 hxg4 35.
Nxg4 Bd4+ 36. Kg2 Bxg4 37. Qxg4 Qd7 38. f5 Kd8 39. Bf4 f6 40. Rh1 Kc7 41. Rxh8
Rxh8 42. Bh2 g5 43. Bg3 Rh6 44. Re1 Qh7 45. Qf3 Be5 46. d4 cxd4 47. c5 Rh3 48.
Bxe5 Rxf3 49. Bxd6+ Kc6 50. Kxf3 Qh5+ 51. Kf2 d3 52. Ke3 Qh3+ 53. Kd2 Qg2+ 54.
Kxd3 Qxa2 55. Re3 Qxb3+ 56. Kd4 Qb2+ 57. Kc4 Qc1+ 58. Kd4 Qg1 59. e5 Qd1+ 60.
Rd3 Qg4+ 61. Ke3 Qxf5 62. exf6 Qxf6 63. Rd4 b3 0-1

[Event "Campionatul National individual  de sen"]
[Site "Olanesti"]
[Date "2013.02.19"]
[Round "5.1"]
[White "Miron, Lucian Costin"]
[Black "Gilea, Lucian"]
[Result "1-0"]
[WhiteElo "2526"]
[BlackElo "2245"]
[PlyCount "73"]
[EventDate "2013.02.16"]
[EventRounds "9"]

1. e4 c6 2. c4 d5 3. exd5 cxd5 4. d4 Nc6 5. Nc3 Nf6 6. Nf3 e6 7. a3 dxc4 8.
Bxc4 Be7 9. O-O O-O 10. Bg5 b6 11. Qd3 Bb7 12. Rad1 Nd5 13. Ne4 h6 14. Bc1 Rc8
15. Rfe1 Bf6 16. Ba2 Nce7 17. Bb1 Ng6 18. Ne5 Bxe5 19. dxe5 Ndf4 20. Qf3 Rxc1
21. Rxc1 Qb8 22. Qg3 Qxe5 23. Nc5 Qc7 24. Bxg6 bxc5 25. Be4 Ba6 26. Qe3 Rc8 27.
Rc2 Qd6 28. Rd2 Qc7 29. Red1 Bb5 30. h4 Nh5 31. Bf3 Nf6 32. Rc1 Ba4 33. b3 Bb5
34. Rdc2 Nd7 35. a4 Bc6 36. Rxc5 Nxc5 37. Qxc5 1-0